[Event "Oberliga Sued W 1819"]
[Site "Germany"]
[Date "2019.02.24"]
[Round "7.6"]
[White "Schuetz, Thomas"]
[Black "Grewenig, Jan"]
[Result "1-0"]
[WhiteElo "1905"]
[BlackElo "2129"]
[PlyCount "63"]
[EventDate "2018.10.21"]
[EventType "team-tourn"]
[EventRounds "9"]
[EventCountry "GER"]
[SourceTitle "EXT 2020"]
[Source "ChessBase"]
[SourceDate "2019.10.17"]
[SourceVersion "1"]
[SourceVersionDate "2019.10.17"]
[SourceQuality "1"]
[WhiteTeam "Winterbach Turm"]
[BlackTeam "Schwarzenbach Caissa"]
[WhiteTeamCountry "GER"]
[BlackTeamCountry "GER"]

1. d4 Nf6 2. Nf3 c5 3. dxc5 Qa5+ 4. c3 Qxc5 5. Nbd2 g6 6. Nb3 Qc7 7. Qc2 Bg7 8. e4 0-0 9. h3 d5 10. exd5 Nxd5 11. Bd3 Nc6 12. a3 Nf4 13. Bxf4 Qxf4 14. Be4 Kh8 15. g3 Qd6 16. g4 f5 17. gxf5 Bxf5 18. Nfd2 Bxe4 19. Nxe4 Qf4 20. Nbd2 b5 21. 0-0-0 a5 22. Rhg1 Ne5 23. Ng5 Qf6 24. f4 Nc6 25. Rg4 b4 26. Nde4 Qf5 27. Qg2 bxc3 28. bxc3 Rac8 29. Nxh7 Kxh7 30. Rd5 e5 31. Rd6 Bf6 32. Ng3 1-0

[Event "Oberliga Sued W 1819"]
[Site "Germany"]
[Date "2018.11.11"]
[Round "2.7"]
[White "Johann, Christof"]
[Black "Schuetz, Thomas"]
[Result "1-0"]
[WhiteElo "2173"]
[BlackElo "1905"]
[PlyCount "69"]
[EventDate "2018.10.21"]
[EventType "team-tourn"]
[EventRounds "9"]
[EventCountry "GER"]
[SourceTitle "EXT 2020"]
[Source "ChessBase"]
[SourceDate "2019.10.17"]
[SourceVersion "1"]
[SourceVersionDate "2019.10.17"]
[SourceQuality "1"]
[WhiteTeam "Frankenthal"]
[BlackTeam "Winterbach Turm"]
[WhiteTeamCountry "GER"]
[BlackTeamCountry "GER"]

1. e4 Nc6 2. Nf3 d6 3. d4 g6 4. Nc3 Bg7 5. Be3 a6 6. a4 Bg4 7. Be2 Bxf3 8. Bxf3 e5 9. dxe5 Nxe5 10. Be2 Ne7 11. 0-0 0-0 12. f4 N5c6 13. Qd2 f5 14. Kh1 fxe4 15. Nxe4 Nf5 16. Bc4+ Kh8 17. Bg1 Qh4 18. Bf2 Qh6 19. Ng5 Rad8 20. Ne6 Ne5 21. Be2 Nd7 22. Nxd8 Rxd8 23. c3 Rf8 24. Rad1 Nc5 25. Bf3 Nxa4 26. Rfe1 Nc5 27. Kg1 b6 28. Re2 Nd7 29. Rde1 Bf6 30. Re8 Kg7 31. Rxf8 Nxf8 32. Bb7 a5 33. g4 Be5 34. gxf5 Bxf4 35. Qd4+ 1-0

[Event "Oberliga Sued W 1617"]
[Site "Germany"]
[Date "2016.09.25"]
[Round "1.8"]
[White "Schuetz, Thomas"]
[Black "Fink, Christian"]
[Result "0-1"]
[WhiteElo "1912"]
[BlackElo "2108"]
[PlyCount "94"]
[EventDate "2016.09.25"]
[EventType "team-tourn"]
[EventRounds "9"]
[EventCountry "GER"]
[SourceTitle "EXT 2018"]
[Source "ChessBase"]
[SourceDate "2017.10.13"]
[SourceVersion "1"]
[SourceVersionDate "2017.10.13"]
[SourceQuality "1"]
[WhiteTeam "Winterbach Turm"]
[BlackTeam "Heimbach Weis/Neuwied"]
[WhiteTeamCountry "GER"]
[BlackTeamCountry "GER"]

1. d4 Nf6 2. Nf3 g6 3. Bf4 Bg7 4. e3 d6 5. Bc4 0-0 6. Nbd2 c6 7. h3 b5 8. Bb3 a5 9. c3 Ba6 10. a3 Nbd7 11. 0-0 Qb6 12. Re1 c5 13. Qc2 Rac8 14. Rac1 Rfe8 15. Ne4 c4 16. Ba2 Nxe4 17. Qxe4 Bb7 18. Qc2 e5 19. Bg3 Bxf3 20. gxf3 Qc6 21. dxe5 Bxe5 22. f4 Bg7 23. Rcd1 Nc5 24. Qd2 Ne4 25. Qe2 Bxc3 26. bxc3 Nxc3 27. Qc2 Nxd1 28. Rxd1 b4 29. axb4 axb4 30. Bb1 f5 31. Rd4 d5 32. Qd1 Red8 33. e4 b3 34. exf5 c3 35. Qxb3 c2 36. Bxc2 Qxc2 37. Qxc2 Rxc2 38. fxg6 hxg6 39. Bh4 Rd7 40. Kf1 Rc4 41. Bf6 Rf7 42. Rxc4 dxc4 43. Be5 Rd7 44. Ke2 Kf7 45. h4 Ke6 46. Ke3 Kf5 47. f3 Rh7 0-1

[Event "Oberliga Sued W 1011"]
[Site "Germany"]
[Date "2010.11.14"]
[Round "3.7"]
[White "Ehringer, Andreas"]
[Black "Schuetz, Thomas"]
[Result "1-0"]
[WhiteElo "2040"]
[BlackElo "1894"]
[PlyCount "135"]
[EventDate "2010.10.10"]
[EventType "team-tourn"]
[EventRounds "9"]
[EventCountry "GER"]
[SourceTitle "EXT 2012"]
[Source "ChessBase"]
[SourceDate "2011.11.24"]
[SourceVersion "1"]
[SourceVersionDate "2011.11.24"]
[SourceQuality "1"]
[WhiteTeam "Mutterstadt"]
[BlackTeam "Winterbach Turm"]
[WhiteTeamCountry "GER"]
[BlackTeamCountry "GER"]

1. d4 Nc6 2. d5 Ne5 3. f4 Ng6 4. e4 e5 5. dxe6 fxe6 6. Nc3 Bc5 7. Qh5 d6 8. Nf3 Nf6 9. Qg5 0-0 10. Bd2 Ne7 11. Bd3 h6 12. Qh4 e5 13. f5 d5 14. 0-0-0 Bxf5 15. exf5 e4 16. Nxe4 Nxe4 17. Bxe4 dxe4 18. Qxe4 Qd5 19. Qxd5+ Nxd5 20. Bxh6 Be3+ 21. Bxe3 Nxe3 22. Rd7 Rxf5 23. Rxc7 Rd8 24. Rg1 a5 25. Re7 Nxg2 26. Rxg2 Rxf3 27. Rexg7+ Kh8 28. b3 Rh3 29. Rxb7 a4 30. Ra7 axb3 31. axb3 Rxb3 32. Ra4 Rh3 33. Rag4 Rc8 34. Kb2 Rb8+ 35. Kc1 Rc8 36. R4g3 Rh4 37. c3 Rcc4 38. Kd2 Ra4 39. Kd3 Ra3 40. Re3 Kh7 41. h3 Rha4 42. Rg4 Ra5 43. Reg3 Rh5 44. Kc4 Raa5 45. Kd3 Ra3 46. Rg7+ Kh8 47. Rg8+ Kh7 48. R3g7+ Kh6 49. Rh8+ Kxg7 50. Rxh5 Kg6 51. Re5 Ra1 52. Kd4 Rd1+ 53. Kc4 Kf6 54. Re2 Rh1 55. Re3 Kf5 56. Kd4 Kf4 57. c4 Rf1 58. Rd3 Ra1 59. Kd5 Ra8 60. c5 Rd8+ 61. Kc4 Rc8 62. Kb5 Ke4 63. Rd1 Ke5 64. c6 Rb8+ 65. Ka6 Rb3 66. c7 Rc3 67. Kb7 Rb3+ 68. Kc6 1-0

[Event "Oberliga Sued W 0910"]
[Site "Germany"]
[Date "2010.02.07"]
[Round "6.6"]
[White "Kalepky, Helmut"]
[Black "Schuetz, Thomas"]
[Result "1-0"]
[WhiteElo "2111"]
[BlackElo "1904"]
[PlyCount "71"]
[EventDate "2009.10.18"]
[EventType "team-tourn"]
[EventRounds "9"]
[EventCountry "GER"]
[SourceTitle "EXT 2011"]
[Source "ChessBase"]
[SourceDate "2010.11.26"]
[SourceVersion "1"]
[SourceVersionDate "2010.11.26"]
[SourceQuality "1"]
[WhiteTeam "Heidesheim"]
[BlackTeam "Wadgassen/Differten"]
[WhiteTeamCountry "GER"]
[BlackTeamCountry "GER"]

1. Nf3 Nc6 2. d4 d6 3. d5 Nb8 4. e4 g6 5. Bd3 Bg7 6. Nbd2 e5 7. dxe6 Bxe6 8. c3 Nd7 9. Nd4 Ne5 10. Be2 Bd7 11. 0-0 Ne7 12. f4 N5c6 13. N2f3 Nxd4 14. Nxd4 Nc6 15. Bf3 Nxd4 16. cxd4 Bb5 17. Re1 0-0 18. Be3 Qe7 19. Rc1 c6 20. a4 Ba6 21. Qd2 Qd7 22. Qa5 f5 23. e5 Bd3 24. d5 Be4 25. Bxe4 fxe4 26. Red1 Qg4 27. dxc6 bxc6 28. Rxd6 Rxf4 29. Bxf4 Qxf4 30. Rd8+ Rxd8 31. Qxd8+ Bf8 32. Rf1 Qe3+ 33. Kh1 Qc5 34. e6 e3 35. Rxf8+ Kg7 36. Rf7+ 1-0

[Event "Oberliga Sued W 0910"]
[Site "Germany"]
[Date "2009.11.15"]
[Round "2.5"]
[White "Bohn, Thomas"]
[Black "Schuetz, Thomas"]
[Result "1-0"]
[WhiteElo "2353"]
[BlackElo "1904"]
[PlyCount "111"]
[EventDate "2009.10.18"]
[EventType "team-tourn"]
[EventRounds "9"]
[EventCountry "GER"]
[SourceTitle "EXT 2011"]
[Source "ChessBase"]
[SourceDate "2010.11.26"]
[SourceVersion "1"]
[SourceVersionDate "2010.11.26"]
[SourceQuality "1"]
[WhiteTeam "Koblenz 25"]
[BlackTeam "Wadgassen/Differten"]
[WhiteTeamCountry "GER"]
[BlackTeamCountry "GER"]

1. f4 Nc6 2. Nf3 d5 3. e3 Nf6 4. Bb5 Bd7 5. 0-0 e6 6. b3 a6 7. Bxc6 Bxc6 8. Bb2 Bd6 9. Ne5 h5 10. Qe1 Bxe5 11. fxe5 Nh7 12. Qg3 Qg5 13. Qxg5 Nxg5 14. d3 h4 15. h3 Rh6 16. Nd2 Ke7 17. Ba3+ Kd7 18. Rf4 f5 19. exf6 gxf6 20. Rg4 Rg8 21. Nf3 Rhg6 22. Nxh4 Rh6 23. Nf3 Nxf3+ 24. gxf3 Rgh8 25. Rg7+ Kc8 26. Kf2 Rxh3 27. Rag1 Rh2+ 28. R1g2 R8h7 29. R7g6 Rxg2+ 30. Kxg2 Rf7 31. Bb2 e5 32. d4 e4 33. fxe4 dxe4 34. c4 Be8 35. d5 f5 36. Rg8 Kd7 37. Kg3 Rh7 38. Be5 Bh5 39. c5 Bf7 40. Rg5 Bxd5 41. Rxf5 Ke6 42. Rg5 Rf7 43. Bf4 c6 44. Rg8 Kf5 45. Kf2 Rh7 46. Rb8 Rd7 47. Ke2 Rg7 48. Kf2 Rd7 49. Bd6 Bf7 50. Ke2 Kg4 51. Rf8 Bd5 52. Rf4+ Kg5 53. Kd2 b6 54. Kc3 bxc5 55. Bxc5 Rd8 56. Be7+ 1-0

[Event "Saarland-ch MB"]
[Site "Eppelborn"]
[Date "2008.03.14"]
[Round "1"]
[White "Grewenig, Rolf"]
[Black "Schuetz, Thomas"]
[Result "0-1"]
[WhiteElo "2042"]
[BlackElo "2295"]
[PlyCount "59"]
[EventDate "2008.03.14"]
[EventType "swiss"]
[EventRounds "9"]
[EventCountry "GER"]
[SourceTitle "EXT 2010"]
[Source "ChessBase"]
[SourceDate "2010.11.25"]
[SourceVersion "1"]
[SourceVersionDate "2010.11.25"]
[SourceQuality "1"]

1. e4 Nc6 2. Nc3 g6 3. Nf3 Bg7 4. Be2 e5 5. Nd5 d6 6. c3 Nge7 7. Nxe7 Qxe7 8. d3 0-0 9. h4 h5 10. Be3 Bg4 11. Ng5 Bxe2 12. Qxe2 f6 13. Nf3 Nd8 14. Qd2 Ne6 15. Rg1 f5 16. Bh6 fxe4 17. dxe4 Bxh6 18. Qxh6 Qf6 19. Ke2 Rf7 20. Raf1 Rh7 21. Qe3 Nf4+ 22. Kd2 d5 23. exd5 Rd8 24. Qe4 Rxd5+ 25. Kc2 Rhd7 26. g4 Qd6 27. Re1 Nd3 28. gxh5 Nxe1+ 29. Rxe1 gxh5 30. Qf5 0-1

[Event "Saarland-ch MB2"]
[Site "Saarlouis Steinrausch"]
[Date "2005.03.25"]
[Round "8"]
[White "Schuetz, Thomas"]
[Black "Faas, Dominik"]
[Result "1/2-1/2"]
[WhiteElo "1977"]
[BlackElo "1963"]
[PlyCount "21"]
[EventDate "2005.03.18"]
[EventType "tourn"]
[EventRounds "9"]
[EventCountry "GER"]
[SourceTitle "EXT 2012"]
[Source "ChessBase"]
[SourceDate "2011.11.24"]
[SourceVersion "1"]
[SourceVersionDate "2011.11.24"]
[SourceQuality "1"]

1. Nc3 d5 2. e4 c6 3. exd5 cxd5 4. d4 e6 5. Bd3 Nf6 6. Nf3 Bd6 7. Nb5 Nc6 8. Nxd6+ Qxd6 9. c3 0-0 10. 0-0 Re8 11. Ne5 1/2-1/2

[Event "Saarland-ch MA"]
[Site "Voelklingen"]
[Date "2003.04.19"]
[Round "9"]
[White "Barmbold, Jens"]
[Black "Schuetz, Thomas"]
[Result "0-1"]
[WhiteElo "2190"]
[BlackElo "2295"]
[PlyCount "100"]
[EventDate "2003.04.11"]
[EventType "tourn"]
[EventRounds "9"]
[EventCountry "GER"]
[SourceTitle "CBM 093 Extra"]
[Source "ChessBase"]
[SourceDate "2003.05.09"]
[SourceVersion "1"]
[SourceVersionDate "2003.05.09"]
[SourceQuality "1"]

1. d4 Nc6 2. Nf3 d6 3. e4 g6 4. Bb5 Bd7 5. 0-0 Bg7 6. Re1 e5 7. c3 Nge7 8. Be3 0-0 9. dxe5 Nxe5 10. Bxd7 Nxf3+ 11. Qxf3 Qxd7 12. Bd4 Qb5 13. Na3 Qxb2 14. Nc4 Qb5 15. Ne3 Bxd4 16. cxd4 b6 17. Qf6 Qd7 18. d5 h5 19. h3 Kh7 20. Rac1 Ng8 21. Qh4 Rac8 22. g4 Qe7 23. Qg3 Nf6 24. Ng2 hxg4 25. hxg4 Qe5 26. Qh4+ Kg7 27. Rcd1 Rh8 28. f4 Qc3 29. Qg5 Qg3 30. Re3 Qxg4 31. Qxg4 Nxg4 32. Rg3 Rh1+ 33. Kxh1 Nf2+ 34. Kg1 Nxd1 35. Rb3 Re8 36. e5 dxe5 37. f5 gxf5 38. Kf1 f4 39. Ke2 Ne3 40. Nxe3 fxe3 41. Kxe3 f5 42. Rc3 Re7 43. Rc6 Rd7 44. a4 a5 45. Kf3 Rxd5 46. Rxc7+ Kf6 47. Rc6+ Kg5 48. Rxb6 Rd4 49. Rb5 e4+ 50. Ke3 Rxa4 0-1

[Event "Dortmunder Schachtage-C 18th"]
[Site "Dortmund"]
[Date "1990.04.05"]
[Round "1"]
[White "Schuetz, Thomas"]
[Black "Drazic, Sinisa"]
[Result "0-1"]
[WhiteElo "2310"]
[BlackElo "2310"]
[PlyCount "84"]
[EventDate "1990.04.05"]
[EventType "tourn"]
[EventRounds "11"]
[EventCountry "GER"]
[EventCategory "5"]
[SourceTitle "EXT 1997"]
[Source "ChessBase"]
[SourceDate "1996.11.15"]
[SourceVersion "1"]
[SourceVersionDate "1996.11.15"]
[SourceQuality "1"]

1. d4 c5 2. d5 e5 3. e4 d6 4. Nc3 a6 5. a4 Be7 6. f4 exf4 7. Bxf4 Bh4+ 8. g3 Bf6 9. Nf3 Bg4 10. h3 Bxf3 11. Qxf3 Ne7 12. h4 Ng6 13. h5 Ne5 14. Qe2 h6 15. Bh3 Nbd7 16. 0-0 Nf8 17. Rab1 Nh7 18. b4 cxb4 19. Rxb4 Qc7 20. Rb3 Ng5 21. Bf5 0-0 22. Nd1 Rfb8 23. Ne3 Qa5 24. Bxe5 Bxe5 25. Nc4 Qxa4 26. Nb6 Bd4+ 27. Kg2 Bxb6 28. Rxb6 Re8 29. c4 Qa3 30. Rxb7 Qc3 31. Rb6 Qe5 32. Re1 Reb8 33. Rxb8+ Rxb8 34. Qd3 a5 35. c5 dxc5 36. d6 c4 37. Qxc4 Qxd6 38. Re2 Qd1 39. Rf2 a4 40. e5 a3 41. Bg6 Qb3 42. Bd3 Qb7+ 0-1

[Event "Dortmund-C"]
[Site "Dortmund"]
[Date "1989.??.??"]
[Round "?"]
[White "Grimberg, Gilbert"]
[Black "Schuetz, Thomas"]
[Result "0-1"]
[WhiteElo "2300"]
[BlackElo "2310"]
[PlyCount "86"]
[EventDate "1989.03.??"]
[EventType "tourn"]
[EventRounds "11"]
[EventCountry "GER"]
[SourceTitle "TD"]
[Source "ChessBase"]
[SourceDate "1994.03.01"]
[SourceVersion "1"]
[SourceVersionDate "1994.03.01"]
[SourceQuality "1"]

1. f4 Nf6 2. Nf3 g6 3. g3 Bg7 4. Bg2 0-0 5. 0-0 d5 6. d3 d4 7. c3 c5 8. e4 dxe3 9. Bxe3 Qc7 10. Ne5 Nbd7 11. d4 cxd4 12. cxd4 Nb6 13. Qe2 Nbd5 14. Rc1 Qb6 15. Nc3 Nxe3 16. Qxe3 Ng4 17. Qd2 Nxe5 18. Nd5 Nf3+ 19. Bxf3 Qxd4+ 20. Qxd4 Bxd4+ 21. Kg2 Bxb2 22. Nxe7+ Kg7 23. Nxc8 Bxc1 24. Nd6 Ba3 25. Nb5 Bc5 26. Rc1 Bb6 27. Bxb7 Rab8 28. Bc6 Rfd8 29. a4 a6 30. Nc3 Be3 31. Rc2 Rd2+ 32. Rxd2 Bxd2 33. Nd5 Rb3 34. g4 f6 35. h4 Ra3 36. h5 Kf7 37. f5 gxh5 38. gxh5 a5 39. Bd7 Kg7 40. Bc6 Bc1 41. Bb5 Bd2 42. Bc6 Rd3 43. Kh2 Bg5 0-1

[Event "Dortmund-C"]
[Site "Dortmund"]
[Date "1989.??.??"]
[Round "?"]
[White "Schuetz, Thomas"]
[Black "Bernard, Christophe"]
[Result "1/2-1/2"]
[WhiteElo "2310"]
[BlackElo "2265"]
[PlyCount "101"]
[EventDate "1989.03.??"]
[EventType "tourn"]
[EventRounds "11"]
[EventCountry "GER"]
[SourceTitle "TD"]
[Source "ChessBase"]
[SourceDate "1994.03.01"]
[SourceVersion "1"]
[SourceVersionDate "1994.03.01"]
[SourceQuality "1"]

1. d4 Nf6 2. c4 g6 3. Nc3 d5 4. Nf3 Bg7 5. cxd5 Nxd5 6. Bd2 0-0 7. Rc1 Nb6 8. Bg5 Nc6 9. e3 h6 10. Bh4 Be6 11. Bb5 Nb4 12. a3 N4d5 13. Ne4 c6 14. Be2 Nd7 15. 0-0 Qb6 16. Qd2 Rfd8 17. Nc3 Nxc3 18. bxc3 Nf6 19. Rb1 Qa5 20. Rxb7 g5 21. Bg3 Qxa3 22. Qc1 Qxc1 23. Rxc1 Rd7 24. Ba6 Ne4 25. Be5 f6 26. Rb8+ Rxb8 27. Bxb8 Kf7 28. c4 g4 29. Ne1 Rd8 30. Bc7 Rh8 31. f3 gxf3 32. gxf3 Nd6 33. Bxd6 exd6 34. Rb1 Re8 35. Nd3 Re7 36. Nf4 Bf5 37. e4 Bd7 38. c5 f5 39. cxd6 Bxd4+ 40. Kg2 Re8 41. Rb7 Rd8 42. Ne2 Be5 43. Bc4+ Ke8 44. exf5 Bxd6 45. f6 Be5 46. f7+ Ke7 47. Rxa7 Kd6 48. f4 Bg7 49. Ng3 Kc5 50. Ba2 Kb6 51. Ra3 1/2-1/2

[Event "Dortmund-C"]
[Site "Dortmund"]
[Date "1989.??.??"]
[Round "?"]
[White "Schuetz, Thomas"]
[Black "Jovic, Ljubomir"]
[Result "1/2-1/2"]
[WhiteElo "2310"]
[BlackElo "2380"]
[PlyCount "80"]
[EventDate "1989.03.??"]
[EventType "tourn"]
[EventRounds "11"]
[EventCountry "GER"]
[SourceTitle "TD"]
[Source "ChessBase"]
[SourceDate "1994.03.01"]
[SourceVersion "1"]
[SourceVersionDate "1994.03.01"]
[SourceQuality "1"]

1. d4 c5 2. d5 e5 3. c4 d6 4. e4 Be7 5. Bd3 Bg5 6. Nd2 Bh6 7. Ne2 Ne7 8. f3 Ng6 9. Nf1 Bxc1 10. Qxc1 0-0 11. Qd2 Na6 12. a3 Bd7 13. Nfg3 Qf6 14. 0-0 Nf4 15. Nxf4 exf4 16. Ne2 g5 17. g3 fxg3 18. hxg3 Rab8 19. Nc3 h6 20. Kg2 Nc7 21. a4 a6 22. f4 Qg7 23. fxg5 hxg5 24. e5 dxe5 25. Bf5 f6 26. Ne4 Ne8 27. Nxc5 Bxf5 28. Rxf5 Nd6 29. Ne6 Qg6 30. Rf3 g4 31. Rc3 Rf7 32. Qe2 Rh7 33. Rh1 Rxh1 34. Kxh1 b6 35. Qc2 Ne4 36. Kg1 f5 37. Rb3 Qh6 38. c5 Rc8 39. c6 Kf7 40. Rxb6 Qe3+ 1/2-1/2

[Event "Dortmund-C"]
[Site "Dortmund"]
[Date "1989.??.??"]
[Round "?"]
[White "Schuetz, Thomas"]
[Black "Schuh, Franz"]
[Result "1/2-1/2"]
[WhiteElo "2310"]
[BlackElo "2295"]
[PlyCount "49"]
[EventDate "1989.03.??"]
[EventType "tourn"]
[EventRounds "11"]
[EventCountry "GER"]
[SourceTitle "TD"]
[Source "ChessBase"]
[SourceDate "1994.03.01"]
[SourceVersion "1"]
[SourceVersionDate "1994.03.01"]
[SourceQuality "1"]

1. d4 Nf6 2. c4 g6 3. Nc3 Bg7 4. e4 d6 5. Nf3 0-0 6. Be2 e5 7. d5 Nbd7 8. Bg5 h6 9. Bh4 a5 10. Nd2 Nc5 11. 0-0 Bd7 12. b3 c6 13. a3 cxd5 14. cxd5 g5 15. Bg3 b5 16. b4 axb4 17. axb4 Na4 18. Qb3 Nxc3 19. Qxc3 Qb6 20. Qd3 Rfc8 21. Rfb1 Bf8 22. Kf1 Be7 23. f3 Bd8 24. Bf2 Qb7 25. Nb3 1/2-1/2

[Event "Dortmund-C"]
[Site "Dortmund"]
[Date "1989.??.??"]
[Round "?"]
[White "Tatai, Stefano"]
[Black "Schuetz, Thomas"]
[Result "1/2-1/2"]
[WhiteElo "2395"]
[BlackElo "2310"]
[PlyCount "52"]
[EventDate "1989.03.??"]
[EventType "tourn"]
[EventRounds "11"]
[EventCountry "GER"]
[SourceTitle "TD"]
[Source "ChessBase"]
[SourceDate "1994.03.01"]
[SourceVersion "1"]
[SourceVersionDate "1994.03.01"]
[SourceQuality "1"]

1. e4 c5 2. Nf3 d6 3. d4 cxd4 4. Nxd4 Nf6 5. Nc3 a6 6. Be2 e6 7. f4 Be7 8. 0-0 0-0 9. Be3 Nc6 10. Qe1 Bd7 11. Qg3 Qb8 12. Rae1 b5 13. Bd3 b4 14. Nd1 Re8 15. Kh1 Bf8 16. f5 Nxd4 17. Bxd4 e5 18. Be3 d5 19. Bg5 Nxe4 20. Bxe4 dxe4 21. f6 Re6 22. Bh6 g6 23. Bxf8 Qxf8 24. Rxe4 Bb5 25. Rf2 Qd6 26. Ne3 Bc6 1/2-1/2

[Event "Novi Sad op"]
[Site "Novi Sad"]
[Date "1989.??.??"]
[Round "5"]
[White "Tesic, Dragan"]
[Black "Schuetz, Thomas"]
[Result "1-0"]
[WhiteElo "2335"]
[BlackElo "2310"]
[PlyCount "59"]
[EventDate "1989.??.??"]
[EventType "swiss"]
[EventRounds "9"]
[EventCountry "YUG"]
[SourceTitle "EXT 2000"]
[Source "ChessBase"]
[SourceDate "1999.11.16"]
[SourceVersion "1"]
[SourceVersionDate "1999.11.16"]
[SourceQuality "1"]

1. d4 Nf6 2. Nf3 e6 3. c4 Bb4+ 4. Nbd2 0-0 5. a3 Be7 6. e4 d5 7. e5 Ne4 8. Bd3 Nxd2 9. Bxd2 dxc4 10. Bxc4 b6 11. 0-0 c5 12. dxc5 bxc5 13. Qe2 Qb6 14. Bg5 Bxg5 15. Nxg5 h6 16. Ne4 Nc6 17. Nf6+ Kh8 18. Bd3 Rb8 19. Qe4 g6 20. Qh4 Kg7 21. Nh5+ gxh5 22. Qf6+ Kg8 23. Qxh6 f5 24. exf6 Rb7 25. Qg6+ Kh8 26. Qxh5+ Kg8 27. Qg6+ Kh8 28. Rae1 Qd8 29. Re3 e5 30. Qh5+ 1-0